[Event "Moja Open Prestige 2022"]
[Site "Kimberley"]
[Date "2022.03.21"]
[Round "6.5"]
[White "Van Zyl, Charlize"]
[Black "Mlahleki, Vusimuzi"]
[Result "0-1"]
[WhiteElo "1691"]
[BlackElo "1980"]
[Annotator "NA"]
[PlyCount "50"]
[EventDate "2022.03.19"]
[EventType "swiss"]
[EventCountry "RSA"]
[SourceTitle "playchess.com"]
[Source "ChessBase"]
[SourceQuality "1"]
[TimeControl "5400+30"]

1. d4 {[%emt 1:31:00]} Nf6 {[%emt 1:31:00]} 2. c4 {[%emt 0:00:30]} e6 {[%emt 0:00:30]} 3. g3 {[%emt 0:00:30]} Bb4+ {[%emt 0:00:30]} 4. Bd2 {[%emt 0:00:30]} a5 {[%emt 0:00:30]} 5. Bg2 {[%emt 0:00:30]} d6 {[%emt 0:00:30]} 6. Nf3 {[%emt 0:00:30]} Nbd7 {[%emt 0:00:30]} 7. O-O {[%emt 0:00:30]} e5 {[%emt 0:00:30]} 8. e3 {[%emt 0:00:30]} Bxd2 {[%emt 0:00:30]} 9. Nfxd2 {[%emt 0:00:30]} O-O $14 {[%emt 0:00:30]} 10. Nc3 {[%emt 0:00:30]} c6 {[%emt 0:00:30]} 11. Qc2 {[%emt 0:00:30]} Qb6 {[%emt 0:00:30]} 12. Rfd1 {[%emt 0:00:30]} exd4 {[%emt 0:00:30]} 13. Na4 {[%emt 0:00:30]} Qa7 {[%emt 0:00:30]} 14. exd4 {[%emt 0:00:30]} Qxd4 {[%emt 0:00:30]} 15. Ne4 {[%emt 0:00:30]} Qe5 {[%emt 0:00:30]} 16. Nxd6 {[%emt 0:00:30]} Nc5 {[%emt 0:00:30]} 17. Nb6 {[%emt 0:00:30]} Bg4 {[%emt 0:00:30]} 18. f3 {[%emt 0:00:30]} Rad8 {[%emt 0:00:30]} 19. Nxb7 {[%emt 0:00:30]} Bf5 {[%emt 0:00:30]} 20. Qf2 {[%emt 0:00:30]} Nxb7 {[%emt 0:00:30]} 21. g4 {[%emt 0:00:30]} Bxg4 {[%emt 0:00:30]} 22. Re1 {[%emt 0:00:30]} Qc7 {[%emt 0:00:30]} 23. fxg4 {[%emt 0:00:30]} Nxg4 {[%emt 0:00:30]} 24. Qg3 {[%emt 0:00:30]} Qxb6+ {[%emt 0:00:30]} 25. Kf1 {[%emt 0:00:30]} Rd2 {[%emt 0:00:30]} 0-1

[Event "Moja Open Prestige 2022"]
[Site "Kimberley"]
[Date "2022.03.21"]
[Round "6.6"]
[White "Dunn, Andrew M"]
[Black "Smit, Devon"]
[Result "0-1"]
[WhiteElo "2117"]
[BlackElo "1713"]
[Annotator "NA"]
[PlyCount "76"]
[EventDate "2022.03.19"]
[EventType "swiss"]
[EventCountry "RSA"]
[SourceTitle "playchess.com"]
[Source "ChessBase"]
[SourceQuality "1"]
[TimeControl "5400+30"]

1. d4 {[%emt 1:31:00]} d5 {[%emt 1:31:00]} 2. c4 {[%emt 0:00:30]} e6 {[%emt 0:00:30]} 3. Nc3 {[%emt 0:00:30]} a6 {[%emt 0:00:30]} 4. c5 {[%emt 0:00:30]} b6 {[%emt 0:00:30]} 5. cxb6 {[%emt 0:00:30]} cxb6 {[%emt 0:00:30]} 6. Nf3 {[%emt 0:00:30]} Bb7 {[%emt 0:00:30]} 7. Bf4 {[%emt 0:00:30]} Bd6 $11 {[%emt 0:00:30]} 8. Bg5 {[%emt 0:00:30]} Ne7 {[%emt 0:00:30]} 9. e3 {[%emt 0:00:30]} Nbc6 {[%emt 0:00:30]} 10. Bd3 {[%emt 0:00:30]} Rc8 {[%emt 0:00:30]} 11. Rc1 {[%emt 0:00:30]} b5 {[%emt 0:00:30]} 12. O-O {[%emt 0:00:30]} h6 {[%emt 0:00:30]} 13. Bh4 {[%emt 0:00:30]} O-O {[%emt 0:00:30]} 14. Bb1 {[%emt 0:00:30]} Qb6 {[%emt 0:00:30]} 15. e4 {[%emt 0:00:30]} dxe4 {[%emt 0:00:30]} 16. Nxe4 {[%emt 0:00:30]} Bf4 {[%emt 0:00:30]} 17. Qd3 {[%emt 0:00:30]} Ng6 {[%emt 0:00:30]} 18. Rcd1 {[%emt 0:00:30]} Rfe8 {[%emt 0:00:30]} 19. a3 {[%emt 0:00:30]} Na5 {[%emt 0:00:30]} 20. Rfe1 {[%emt 0:00:30]} Bd5 {[%emt 0:00:30]} 21. Nc5 {[%emt 0:00:30]} Qc6 {[%emt 0:00:30]} 22. Bg3 {[%emt 0:00:30]} Bxg3 {[%emt 0:00:30]} 23. hxg3 {[%emt 0:00:30]} Nc4 {[%emt 0:00:30]} 24. Re2 {[%emt 0:00:30]} e5 {[%emt 0:00:30]} 25. b4 {[%emt 0:00:30]} e4 {[%emt 0:00:30]} 26. Nxe4 {[%emt 0:00:30]} Rxe4 {[%emt 0:00:30]} 27. Rxe4 {[%emt 0:00:30]} Nb2 {[%emt 0:00:30]} 28. Qd2 {[%emt 0:00:30]} Nxd1 {[%emt 0:00:30]} 29. Re1 {[%emt 0:00:30]} Bxf3 {[%emt 0:00:30]} 30. gxf3 {[%emt 0:00:30]} Nc3 {[%emt 0:00:30]} 31. Be4 {[%emt 0:00:30]} Nxe4 {[%emt 0:00:30]} 32. fxe4 {[%emt 0:00:30]} Rd8 {[%emt 0:00:30]} 33. d5 {[%emt 0:00:30]} Qc4 {[%emt 0:00:30]} 34. f4 {[%emt 0:00:30]} f5 {[%emt 0:00:30]} 35. exf5 {[%emt 0:00:30]} Rxd5 {[%emt 0:00:30]} 36. Re8+ {[%emt 0:00:30]} Nf8 {[%emt 0:00:30]} 37. Qe1 {[%emt 0:00:30]} Qd4+ {[%emt 0:00:30]} 38. Kh1 {[%emt 0:00:30]} Qd1 {[%emt 0:00:30]} 0-1

[Event "Moja Open Prestige 2022"]
[Site "Kimberley"]
[Date "2022.03.21"]
[Round "6.7"]
[White "Chikwavaire, Tapiwa"]
[Black "Palmer, Reegan"]
[Result "0-1"]
[WhiteElo "2007"]
[BlackElo "1572"]
[Annotator "NA"]
[PlyCount "98"]
[EventDate "2022.03.19"]
[EventType "swiss"]
[EventCountry "RSA"]
[SourceTitle "playchess.com"]
[Source "ChessBase"]
[SourceQuality "1"]
[TimeControl "5400+30"]

1. Nf3 {[%emt 1:31:00]} g6 {[%emt 1:31:00]} 2. c4 {[%emt 0:00:30]} Bg7 {[%emt 0:00:30]} 3. g3 {[%emt 0:00:30]} c5 {[%emt 0:00:30]} 4. Nc3 {[%emt 0:00:30]} Nc6 {[%emt 0:00:30]} 5. Bg2 {[%emt 0:00:30]} e6 {[%emt 0:00:30]} 6. O-O {[%emt 0:00:30]} Nge7 {[%emt 0:00:30]} 7. d3 {[%emt 0:00:30]} d5 {[%emt 0:00:30]} 8. cxd5 {[%emt 0:00:30]} exd5 {[%emt 0:00:30]} 9. Bf4 {[%emt 0:00:30]} Be6 {[%emt 0:00:30]} 10. Nb5 {[%emt 0:00:30]} O-O {[%emt 0:00:30]} 11. Nc7 {[%emt 0:00:30]} Rc8 {[%emt 0:00:30]} 12. Nxe6 {[%emt 0:00:30]} fxe6 {[%emt 0:00:30]} 13. Bh3 {[%emt 0:00:30]} Nf5 {[%emt 0:00:30]} 14. Ng5 {[%emt 0:00:30]} Qe7 {[%emt 0:00:30]} 15. e4 {[%emt 0:00:30]} dxe4 {[%emt 0:00:30]} 16. dxe4 {[%emt 0:00:30]} Nfd4 {[%emt 0:00:30]} 17. Nxe6 {[%emt 0:00:30]} Nxe6 {[%emt 0:00:30]} 18. Bd6 {[%emt 0:00:30]} Qf7 {[%emt 0:00:30]} 19. Bxf8 {[%emt 0:00:30]} Rxf8 {[%emt 0:00:30]} 20. Qd5 {[%emt 0:00:30]} Ncd4 {[%emt 0:00:30]} 21. Rad1 {[%emt 0:00:30]} Ng5 {[%emt 0:00:30]} 22. Qxf7+ {[%emt 0:00:30]} Rxf7 {[%emt 0:00:30]} 23. Bg2 {[%emt 0:00:30]} Ngf3+ {[%emt 0:00:30]} 24. Kh1 {[%emt 0:00:30]} g5 {[%emt 0:00:30]} 25. Bxf3 {[%emt 0:00:30]} Rxf3 {[%emt 0:00:30]} 26. Kg2 {[%emt 0:00:30]} g4 {[%emt 0:00:30]} 27. h3 {[%emt 0:00:30]} h5 {[%emt 0:00:30]} 28. Rh1 {[%emt 0:00:30]} Bf6 {[%emt 0:00:30]} 29. hxg4 {[%emt 0:00:30]} hxg4 {[%emt 0:00:30]} 30. Rh5 {[%emt 0:00:30]} b6 {[%emt 0:00:30]} 31. Rd5 {[%emt 0:00:30]} Ne6 {[%emt 0:00:30]} 32. Rd6 {[%emt 0:00:30]} Kf7 {[%emt 0:00:30]} 33. Rd7+ {[%emt 0:00:30]} Ke8 {[%emt 0:00:30]} 34. Rxa7 {[%emt 0:00:30]} Bd4 {[%emt 0:00:30]} 35. Rd2 {[%emt 0:00:30]} Ng5 36. Re2 {[%emt 0:00:30]} Nh3 {[%emt 0:01:00]} 37. Rb7 {[%emt 0:00:30]} Bxf2 {[%emt 0:00:30]} 38. Rg7 {[%emt 0:00:30]} Rxg3+ {[%emt 0:00:30]} 39. Kh2 {[%emt 0:00:30]} Rf3 {[%emt 0:00:30]} 40. Rxg4 {[%emt 0:00:30]} Nf4 {[%emt 0:00:30]} 41. Rxf2 {[%emt 0:00:30]} Rxf2+ {[%emt 0:00:30]} 42. Kg3 {[%emt 0:00:30]} Nd3 {[%emt 0:00:30]} 43. b4 {[%emt 0:00:30]} c4 {[%emt 0:00:30]} 44. e5 {[%emt 0:00:30]} c3 {[%emt 0:00:30]} 45. Rc4 {[%emt 0:00:30]} c2 {[%emt 0:00:30]} 46. a4 {[%emt 0:00:30]} Rd2 {[%emt 0:00:30]} 47. a5 {[%emt 0:00:30]} c1=Q {[%emt 0:00:30]} 48. Rxc1 {[%emt 0:00:30]} Nxc1 {[%emt 0:00:30]} 49. axb6 {[%emt 0:00:30]} Rb2 {[%emt 0:00:30]} 0-1

[Event "Moja Open Prestige 2022"]
[Site "Kimberley"]
[Date "2022.03.21"]
[Round "6.8"]
[White "Boshoma, Chisomo"]
[Black "Bhawoodien, Shabir Hussain"]
[Result "0-1"]
[WhiteElo "1323"]
[BlackElo "2058"]
[Annotator "NA"]
[PlyCount "109"]
[EventDate "2022.03.19"]
[EventType "swiss"]
[EventCountry "RSA"]
[SourceTitle "playchess.com"]
[Source "ChessBase"]
[SourceQuality "1"]
[TimeControl "5400+30"]

1. e4 {[%emt 1:31:00]} c6 {[%emt 1:31:00]} 2. Nc3 {[%emt 0:00:30]} d5 {[%emt 0:00:30]} 3. d3 {[%emt 0:00:30]} d4 {[%emt 0:00:30]} 4. Nce2 {[%emt 0:00:30]} e5 {[%emt 0:00:30]} 5. g3 {[%emt 0:00:30]} Bg4 {[%emt 0:00:30]} 6. Bg2 {[%emt 0:00:30]} Bb4+ {[%emt 0:00:30]} 7. Bd2 {[%emt 0:00:30]} Qa5 {[%emt 0:00:30]} 8. a3 {[%emt 0:00:30]} Bxd2+ {[%emt 0:00:30]} 9. Qxd2 {[%emt 0:00:30]} Qxd2+ {[%emt 0:00:30]} 10. Kxd2 {[%emt 0:00:30]} c5 {[%emt 0:00:30]} 11. f4 {[%emt 0:00:30]} Nc6 {[%emt 0:00:30]} 12. h3 {[%emt 0:00:30]} Bd7 {[%emt 0:00:30]} 13. fxe5 {[%emt 0:00:30]} Nxe5 {[%emt 0:00:30]} 14. Nf3 {[%emt 0:00:30]} f6 {[%emt 0:00:30]} 15. c3 {[%emt 0:00:30]} Bb5 {[%emt 0:00:30]} 16. Nf4 {[%emt 0:00:30]} dxc3+ {[%emt 0:00:30]} 17. Kxc3 {[%emt 0:00:30]} O-O-O {[%emt 0:00:30]} 18. Rhd1 {[%emt 0:00:30]} b6 {[%emt 0:00:30]} 19. a4 {[%emt 0:00:30]} Bc6 {[%emt 0:00:30]} 20. b4 {[%emt 0:00:30]} cxb4+ {[%emt 0:00:30]} 21. Kxb4 {[%emt 0:00:30]} Rd6 {[%emt 0:00:30]} 22. Ne1 {[%emt 0:00:30]} Ne7 {[%emt 0:00:30]} 23. d4 {[%emt 0:00:30]} N5g6 {[%emt 0:00:30]} 24. Ne2 {[%emt 0:00:30]} Re8 {[%emt 0:00:30]} 25. Nc3 {[%emt 0:00:30]} Bb7 {[%emt 0:00:30]} 26. Nb5 {[%emt 0:00:30]} a5+ {[%emt 0:00:30]} 27. Ka3 {[%emt 0:00:30]} Rd7 {[%emt 0:00:30]} 28. h4 {[%emt 0:00:30]} Kb8 {[%emt 0:00:30]} 29. Rab1 {[%emt 0:00:30]} Nc8 {[%emt 0:00:30]} 30. h5 {[%emt 0:00:30]} Nf8 {[%emt 0:00:30]} 31. Nc3 {[%emt 0:00:30]} Nd6 {[%emt 0:00:30]} 32. Bf1 {[%emt 0:00:30]} Ka7 {[%emt 0:00:30]} 33. Nb5+ {[%emt 0:00:30]} Kb8 {[%emt 0:00:30]} 34. Nc3 {[%emt 0:00:30]} Nxe4 {[%emt 0:00:30]} 35. Nxe4 {[%emt 0:00:30]} Rxe4 {[%emt 0:00:30]} 36. Rxb6 {[%emt 0:00:30]} Rdxd4 {[%emt 0:00:30]} 37. Rxd4 {[%emt 0:00:30]} Rxd4 {[%emt 0:00:30]} 38. Bg2 {[%emt 0:00:30]} Rd7 {[%emt 0:00:30]} 39. h6 {[%emt 0:00:30]} gxh6 {[%emt 0:00:30]} 40. Rxf6 {[%emt 0:00:30]} Bxg2 {[%emt 0:00:30]} 41. Rxf8+ {[%emt 0:00:30]} Kc7 {[%emt 0:00:30]} 42. Nxg2 {[%emt 0:00:30]} Rd3+ {[%emt 0:00:30]} 43. Kb2 {[%emt 0:00:30]} Rd2+ {[%emt 0:00:30]} 44. Kc3 {[%emt 0:00:30]} Rxg2 {[%emt 0:00:30]} 45. Kc4 {[%emt 0:00:30]} Rxg3 {[%emt 0:00:30]} 46. Rf6 {[%emt 0:00:30]} Rg4+ {[%emt 0:00:30]} 47. Kb5 {[%emt 0:00:30]} Rg5+ {[%emt 0:00:30]} 48. Kc4 {[%emt 0:00:30]} h5 {[%emt 0:00:30]} 49. Rh6 {[%emt 0:00:30]} Rg4+ {[%emt 0:00:30]} 50. Kb5 {[%emt 0:00:30]} Rg5+ {[%emt 0:00:30]} 51. Kc4 {[%emt 0:00:30]} Rg4+ {[%emt 0:00:30]} 52. Kc5 Rg5+ {[%emt 0:00:30]} 53. Kc4 {[%emt 0:01:00]} Rb5 {[%emt 0:00:30]} 54. Kd3 Rf5 {[%emt 0:00:30]} 55. Ke2 0-1

[Event "Moja Open Prestige 2022"]
[Site "Kimberley"]
[Date "2022.03.21"]
[Round "6.9"]
[White "Laubscher, Anzel"]
[Black "Bhila, Lindokuhle Adorabell"]
[Result "1-0"]
[WhiteElo "1718"]
[BlackElo "1281"]
[Annotator "NA"]
[PlyCount "65"]
[EventDate "2022.03.19"]
[EventType "swiss"]
[EventCountry "RSA"]
[SourceTitle "playchess.com"]
[Source "ChessBase"]
[SourceQuality "1"]
[TimeControl "5400+30"]

1. e4 {[%emt 1:31:00]} c5 {[%emt 1:31:00]} 2. Nc3 {[%emt 0:00:30]} Nc6 {[%emt 0:00:30]} 3. f4 {[%emt 0:00:30]} g6 {[%emt 0:00:30]} 4. Nf3 {[%emt 0:00:30]} Bg7 {[%emt 0:00:30]} 5. Bc4 {[%emt 0:00:30]} e6 {[%emt 0:00:30]} 6. d3 {[%emt 0:00:30]} a6 {[%emt 0:00:30]} 7. a4 {[%emt 0:00:30]} Nge7 {[%emt 0:00:30]} 8. O-O {[%emt 0:00:30]} O-O {[%emt 0:00:30]} 9. Qe1 {[%emt 0:00:30]} d5 {[%emt 0:00:30]} 10. Bb3 {[%emt 0:00:30]} Qb6 11. Kh1 {[%emt 0:00:30]} Nb4 {[%emt 0:01:00]} 12. Qh4 {[%emt 0:00:30]} f5 {[%emt 0:00:30]} 13. a5 {[%emt 0:00:30]} Qc7 {[%emt 0:00:30]} 14. Bd2 {[%emt 0:00:30]} dxe4 {[%emt 0:00:30]} 15. Ng5 {[%emt 0:00:30]} h5 {[%emt 0:00:30]} 16. Nxe6 {[%emt 0:00:30]} Bxe6 {[%emt 0:00:30]} 17. Bxe6+ {[%emt 0:00:30]} Kh7 {[%emt 0:00:30]} 18. dxe4 {[%emt 0:00:30]} Nxc2 {[%emt 0:00:30]} 19. exf5 {[%emt 0:00:30]} Nxf5 {[%emt 0:00:30]} 20. Bxf5 {[%emt 0:00:30]} Rxf5 {[%emt 0:00:30]} 21. Rac1 {[%emt 0:00:30]} Nd4 {[%emt 0:00:30]} 22. Ne4 {[%emt 0:00:30]} Nb3 {[%emt 0:00:30]} 23. Rc2 {[%emt 0:00:30]} Nxd2 {[%emt 0:00:30]} 24. Rxd2 {[%emt 0:00:30]} Qxa5 {[%emt 0:00:30]} 25. Rd7 {[%emt 0:00:30]} Qb5 {[%emt 0:00:30]} 26. Rfd1 {[%emt 0:00:30]} Re8 {[%emt 0:00:30]} 27. Ng5+ {[%emt 0:00:30]} Kg8 {[%emt 0:00:30]} 28. Rd8 {[%emt 0:00:30]} Rff8 {[%emt 0:00:30]} 29. Rxe8 {[%emt 0:00:30]} Rxe8 {[%emt 0:00:30]} 30. Nf3 {[%emt 0:00:30]} Qxb2 {[%emt 0:00:30]} 31. Qg5 {[%emt 0:00:30]} Qc2 {[%emt 0:00:30]} 32. Qd5+ {[%emt 0:00:30]} Kh8 {[%emt 0:00:30]} 33. Ng5 {[%emt 0:00:30]} 1-0

[Event "Moja Open Prestige 2022"]
[Site "Kimberley"]
[Date "2022.03.21"]
[Round "6.10"]
[White "Matshego, Thato"]
[Black "Nel, Hayley"]
[Result "0-1"]
[WhiteElo "1171"]
[BlackElo "1129"]
[Annotator "NA"]
[PlyCount "52"]
[EventDate "2022.03.19"]
[EventType "swiss"]
[EventCountry "RSA"]
[SourceTitle "playchess.com"]
[Source "ChessBase"]
[SourceQuality "1"]
[TimeControl "5400+30"]

1. e4 {[%emt 1:31:00]} e5 {[%emt 1:31:00]} 2. Nf3 {[%emt 0:00:30]} Nc6 {[%emt 0:00:30]} 3. Bc4 {[%emt 0:00:30]} Bc5 {[%emt 0:00:30]} 4. c3 {[%emt 0:00:30]} Nf6 {[%emt 0:00:30]} 5. d4 {[%emt 0:00:30]} exd4 {[%emt 0:00:30]} 6. e5 {[%emt 0:00:30]} d5 {[%emt 0:00:30]} 7. Bb3 {[%emt 0:00:30]} Ne4 {[%emt 0:00:30]} 8. cxd4 {[%emt 0:00:30]} Bb4+ {[%emt 0:00:30]} 9. Nbd2 {[%emt 0:00:30]} Bg4 {[%emt 0:00:30]} 10. O-O {[%emt 0:00:30]} Bxd2 {[%emt 0:00:30]} 11. Bxd2 {[%emt 0:00:30]} Nxd4 {[%emt 0:00:30]} 12. Bg5 {[%emt 0:00:30]} Nxg5 {[%emt 0:00:30]} 13. Qxd4 {[%emt 0:00:30]} Bxf3 {[%emt 0:00:30]} 14. h4 {[%emt 0:00:30]} Bxg2 {[%emt 0:00:30]} 15. Kxg2 {[%emt 0:00:30]} Ne6 {[%emt 0:00:30]} 16. Qxd5 {[%emt 0:00:30]} Nf4+ {[%emt 0:00:30]} 17. Kg3 {[%emt 0:00:30]} Nxd5 {[%emt 0:00:30]} 18. Rad1 {[%emt 0:00:30]} c6 {[%emt 0:00:30]} 19. Rd3 {[%emt 0:00:30]} Qe7 {[%emt 0:00:30]} 20. Bxd5 {[%emt 0:00:30]} cxd5 {[%emt 0:00:30]} 21. e6 {[%emt 0:00:30]} fxe6 {[%emt 0:00:30]} 22. Re1 {[%emt 0:00:30]} Qd6+ {[%emt 0:00:30]} 23. f4 {[%emt 0:00:30]} O-O {[%emt 0:00:30]} 24. Re5 {[%emt 0:00:30]} Rf5 {[%emt 0:00:30]} 25. Rdxd5 {[%emt 0:00:30]} Qxd5 {[%emt 0:00:30]} 26. Rxd5 {[%emt 0:00:30]} exd5 {[%emt 0:00:30]} 0-1

[Event "Moja Open Prestige 2022"]
[Site "Kimberley"]
[Date "2022.03.22"]
[Round "7.1"]
[White "Cawdery, Daniel"]
[Black "Simpson, Michael M"]
[Result "1-0"]
[WhiteElo "2419"]
[BlackElo "1995"]
[Annotator "TA"]
[PlyCount "51"]
[EventDate "2022.03.19"]
[EventType "swiss"]
[EventCountry "RSA"]
[SourceTitle "playchess.com"]
[Source "ChessBase"]
[SourceQuality "1"]

{[%evp 11,51,25,43,17,14,34,65,25,32,11,239,237,237,241,258,261,265,291,263,268,282,284,210,102,240,233,235,222,228,232,238,122,127,121,29956,8067,8522,7902,5461,5078,6008,5527]} 1. e4 c5 2. Nf3 e6 3. d4 cxd4 4. Nxd4 Nc6 5. Nc3 Qc7 6. Be3 a6 7. Qf3 {7.g4 gains popularity. B48: Sicilian: Taimanov: 5 Nc3 Qc7 6 Be3 a6 without Be2.} Ne5 8. Qg3 h5 9. h4 {White is slightly better.} (9. Bf4 $5 {[%cal Rf4e5]} d6 10. Nf3 $14) 9... b5 10. O-O-O {And now Nf3 would win.} Bb7 $2 {[#]} (10... Nf6 $11 {and Black has nothing to worry.}) 11. Bxb5 $146 {[%mdl 512]} ({Predecessor:} 11. Bf4 d6 12. Bxb5+ axb5 13. Ndxb5 Qb8 14. Nxd6+ Bxd6 15. Rxd6 Qxd6 16. Bxe5 Qc5 17. Qxg7 {1-0 (34) Sarenac,D (2331)-Potpara,N (2311) Belgrade 2017}) 11... axb5 (11... O-O-O 12. Bf4) 12. Ndxb5 Qb8 13. Bb6 f6 {[%cal Ob7e4]} 14. Bc7 $1 ({Weaker is} 14. f4 Ng4 $16) 14... Qc8 15. Bxe5 fxe5 16. Qg6+ (16. Qxe5 Nf6 $16) 16... Kd8 {[#]} 17. Qxe6 (17. Nd6 $1 $18 {is the precise move to win.} Bxd6 18. Rxd6 (18. Qxg7 Qc5 $18)) 17... Ra6 (17... Nf6 $16) 18. Qxe5 {[%cal Od1d7] Strongly threatening Rxd7+!} Nf6 19. f3 Qc5 20. Qb8+ Bc8 21. e5 (21. Qg3 $18) 21... Ne8 $16 {[#]} 22. Ne4 $1 {Dancing on a razor blade. White is much more active. Black has bad knights. Pair of Knights!} Rb6 $2 {[%mdl 8192] [#]} 23. Rxd7+ $1 {[%mdl 512]} Kxd7 {White is clearly winning.} 24. Nxc5+ Bxc5 25. Rd1+ Nd6 26. Qc7+ {Weighted Error Value: White=0.16 (very precise) /Black=0.85} 1-0

[Event "Moja Open Prestige 2022"]
[Site "Kimberley"]
[Date "2022.03.22"]
[Round "7.2"]
[White "Mncwabe, Minenhle Junior"]
[Black "Makoto, Rodwell"]
[Result "0-1"]
[WhiteElo "1730"]
[BlackElo "2349"]
[Annotator "ChessBase"]
[PlyCount "84"]
[EventDate "2022.03.19"]
[EventType "swiss"]
[EventCountry "RSA"]
[SourceTitle "playchess.com"]
[Source "ChessBase"]
[SourceQuality "1"]
[TimeControl "5400+30"]

1. c4 {[%emt 0:00:12]} Nf6 {[%emt 0:00:38]} 2. g3 {[%emt 0:00:06]} g6 {[%emt 0:00:09]} 3. Nc3 {[%emt 0:00:11]} Bg7 {[%emt 0:00:01]} 4. Bg2 {[%emt 0:00:10]} O-O {[%emt 0:00:30]} 5. Nf3 {[%emt 0:00:52]} c6 {[%emt 0:01:05]} 6. e4 {[%emt 0:00:19]} d6 {[%emt 0:03:00]} 7. O-O {[%emt 0:02:06]} e5 {[%emt 0:00:07]} 8. b3 {[%emt 0:00:42]} Nbd7 {[%emt 0:00:17]} 9. Bb2 {[%emt 0:00:15]} Nc5 {[%emt 0:00:29]} 10. d4 {[%emt 0:01:29]} exd4 {[%emt 0:01:14]} 11. Nxd4 {[%emt 0:00:21]} Re8 {[%emt 0:01:06]} 12. Re1 {[%emt 0:00:11]} a5 {[%emt 0:00:05]} 13. Qc2 {[%emt 0:00:07]} Qb6 {[%emt 0:02:57]} 14. Rad1 {[%emt 0:01:32]} a4 {[%emt 0:05:06]} 15. Nxa4 {[%emt 0:09:09]} Nxa4 {[%emt 0:00:28]} 16. bxa4 {[%emt 0:00:08]} Qb4 {[%emt 0:01:23]} 17. Nb3 {[%emt 0:13:37]} Rxa4 {[%emt 0:18:09]} 18. Bc3 {[%emt 0:03:54]} Qb6 {[%emt 0:11:11]} 19. Rxd6 {[%emt 0:11:37]} Rxc4 {[%emt 0:01:20]} 20. Qd3 {[%emt 0:01:46]} Rxc3 {[%emt 0:02:13]} 21. Qxc3 {[%emt 0:00:09]} Nxe4 {[%emt 0:00:19]} 22. Rxe4 {[%emt 0:01:09]} Re6 23. Re5 Rxe5 {[%emt 0:00:50]} 24. Qd2 {[%emt 0:02:03]} Re8 {[%emt 0:00:42]} 25. h4 {[%emt 0:01:06]} h5 {[%emt 0:07:58]} 26. Qa5 {[%emt 0:16:20]} Qxa5 {[%emt 0:00:43]} 27. Nxa5 {[%emt 0:00:07]} Bf8 {[%emt 0:01:02]} 28. Rd1 {[%emt 0:00:25]} Bb4 {[%emt 0:01:05]} 29. Nc4 {[%emt 0:01:20]} Be6 {[%emt 0:00:24]} 30. Rb1 {[%emt 0:00:24]} c5 {[%emt 0:01:10]} 31. Nd6 {[%emt 0:00:31]} Bxa2 {[%emt 0:01:10]} 32. Ra1 {[%emt 0:00:45]} Re1+ {[%emt 0:00:36]} 33. Rxe1 {[%emt 0:00:07]} Bxe1 {[%emt 0:00:06]} 34. Bxb7 {[%emt 0:00:38]} c4 {[%emt 0:03:15]} 35. Be4 {[%emt 0:04:01]} Kf8 {[%emt 0:02:55]} 36. Kf1 {[%emt 0:02:08]} Bb4 {[%emt 0:00:07]} 37. Nb5 {[%emt 0:00:13]} c3 {[%emt 0:04:25]} 38. Nd4 {[%emt 0:00:11]} Bc4+ {[%emt 0:02:30]} 39. Kg2 {[%emt 0:00:09]} Bc5 {[%emt 0:00:28]} 40. Nf3 {[%emt 0:02:29]} f5 {[%emt 0:00:15]} 41. Bc2 {[%emt 0:00:13]} Bd5 {[%emt 0:00:05]} 42. Be4 {[%emt 0:28:18]} Bb3 {[%emt 0:29:57]} 0-1

[Event "Moja Open Prestige 2022"]
[Site "Kimberley"]
[Date "2022.03.22"]
[Round "7.3"]
[White "Smit, Devon"]
[Black "Mathebula, Xolani Cebo"]
[Result "1-0"]
[WhiteElo "1713"]
[BlackElo "1752"]
[Annotator "NA"]
[PlyCount "73"]
[EventDate "2022.03.19"]
[EventType "swiss"]
[EventCountry "RSA"]
[SourceTitle "playchess.com"]
[Source "ChessBase"]
[SourceQuality "1"]
[TimeControl "5400+30"]

1. e4 {[%emt 0:00:03]} e5 {[%emt 0:08:05]} 2. Nf3 {[%emt 0:00:10]} Nc6 {[%emt 0:00:04]} 3. Bb5 {[%emt 0:00:12]} a6 {[%emt 0:00:05]} 4. Ba4 {[%emt 0:00:10]} Nf6 {[%emt 0:00:08]} 5. Qe2 {[%emt 0:00:14]} b5 {[%emt 0:01:12]} 6. Bb3 {[%emt 0:00:09]} Bc5 {[%emt 0:00:17]} 7. d3 {[%emt 0:00:10]} d6 {[%emt 0:00:12]} 8. c3 {[%emt 0:00:18]} Bg4 {[%emt 0:00:26]} 9. h3 {[%emt 0:00:23]} Bd7 {[%emt 0:00:19]} 10. Nbd2 {[%emt 0:00:59]} O-O {[%emt 0:00:14]} 11. Nf1 {[%emt 0:00:41]} Re8 {[%emt 0:01:04]} 12. Ng3 {[%emt 0:01:33]} Bb6 {[%emt 0:03:17]} 13. O-O {[%emt 0:02:22]} Na5 {[%emt 0:00:20]} 14. Bc2 {[%emt 0:00:46]} c5 {[%emt 0:00:10]} 15. Nh4 {[%emt 0:08:24]} Nd5 {[%emt 0:18:51]} 16. Nhf5 {[%emt 0:02:38]} Bxf5 {[%emt 0:01:48]} 17. Nxf5 {[%emt 0:00:11]} Ne7 {[%emt 0:00:15]} 18. Nxe7+ {[%emt 0:06:22]} Qxe7 {[%emt 0:00:22]} 19. Be3 {[%emt 0:02:14]} Qc7 {[%emt 0:09:22]} 20. Rad1 {[%emt 0:05:41]} Re6 {[%emt 0:00:48]} 21. f4 {[%emt 0:08:56]} exf4 {[%emt 0:05:28]} 22. Rxf4 {[%emt 0:01:26]} Rae8 {[%emt 0:00:53]} 23. Qf2 {[%emt 0:04:19]} d5 {[%emt 0:06:19]} 24. Rf1 {[%emt 0:06:35]} R6e7 {[%emt 0:06:08]} 25. Rf5 {[%emt 0:08:43]} d4 {[%emt 0:01:15]} 26. cxd4 {[%emt 0:00:30]} cxd4 {[%emt 0:00:12]} 27. Bf4 {[%emt 0:00:18]} Qa7 {[%emt 0:02:32]} 28. b4 {[%emt 0:02:09]} Nc4 {[%emt 0:00:43]} 29. Bb3 {[%emt 0:01:21]} Ne3 {[%emt 0:09:57]} 30. Rxf7 {[%emt 0:07:45]} Rxf7 {[%emt 0:01:59]} 31. Bb8 {[%emt 0:03:37]} Rxb8 {[%emt 0:01:52]} 32. Bxf7+ {[%emt 0:00:24]} Kh8 {[%emt 0:00:10]} 33. Be8 {[%emt 0:00:12]} h6 {[%emt 0:00:32]} 34. Qf8+ {[%emt 0:00:17]} Kh7 {[%emt 0:01:26]} 35. Rf7 {[%emt 0:00:14]} Qxf7 {[%emt 0:00:28]} 36. Qxf7 {[%emt 0:00:17]} Kh8 {[%emt 0:02:16]} 37. Qf8+ {[%emt 0:00:10]} 1-0